中国城镇平均工资最高/低的省区 Provinces with hingest/lowest average urban salary - Statistics

General Stats
  • This quiz has been taken 110 times
  • The average score is 11 of 14
Answer Stats
城镇平均工资 % Correct
最多 212476 上海
99%
最多 208977 北京
99%
最多 121724 江苏
96%
最多 124916 广东
93%
最多 128825 浙江
92%
最多 154929 西藏
87%
最多 129522 天津
81%
最少 77627 河南
70%
最少 90870 甘肃
66%
最少 88235 黑龙江
65%
最少 87222 吉林
63%
最少 90745 河北
60%
最少 90495 山西
49%
最少 87972 江西
31%
No matching quizzes found
Score Distribution
Percent of People with Each Score
Percentile by Number Answered
Your Score History
You have not taken this quiz